Normal view MARC view
  • Aston, Jean

Entry Personal Name

Number of records used in: 1

001 - CONTROL NUMBER

  • control field: 17896

003 - CONTROL NUMBER IDENTIFIER

  • control field: NUST

005 - DATE AND TIME OF LATEST TRANSACTION

  • control field: 20190717100416.0

008 - FIXED-LENGTH DATA ELEMENTS

  • fixed length control field: 190717|| aca||aabn | a|a d

040 ## - CATALOGING SOURCE

  • Original cataloging agency: NUST
  • Transcribing agency: NUST

100 ## - HEADING--PERSONAL NAME

  • Personal name: Aston, Jean

670 ## - SOURCE DATA FOUND

  • Source citation: Work cat.: (NUST): Aston, Jean, Shaoore aur Ehsas /, 2006.
© 2023 Central Library, National University of Sciences and Technology. All Rights Reserved.